Fr. Conceicao Rodrigues College of Engineering

C Traps & Pit Falls (Record no. 17946)

MARC details
000 -LEADER
fixed length control field 00285nam a2200145Ia 4500
082 ## - DEWEY DECIMAL CLASSIFICATION NUMBER
Classification number 5.26
Item number KOE
100 ## - MAIN ENTRY--PERSONAL NAME
Personal name Koenig/ Andrew
245 ## - TITLE STATEMENT
Title C Traps & Pit Falls
260 ## - PUBLICATION, DISTRIBUTION, ETC.
Name of publisher, distributor, etc. Addison Wesly
Date of publication, distribution, etc. 1989
300 ## - PHYSICAL DESCRIPTION
Extent 147
546 ## - LANGUAGE NOTE
Language note ENGLISH
654 ## - SUBJECT ADDED ENTRY--FACETED TOPICAL TERMS
Focus term C
942 ## - ADDED ENTRY ELEMENTS (KOHA)
Koha item type BOOK
Holdings
Withdrawn status Lost status Damaged status Not for loan Collection Home library Current library Date acquired Total Checkouts Full call number Barcode Date last seen Price effective from Koha item type
        CRC Fr. Agnel's C.Rodrigues College of Engineering Fr. Agnel's C.Rodrigues College of Engineering 17/03/2023   5.26 KOE 11397 17/03/2023 17/03/2023 BOOK